[Event "Match 69_120'/40"]
[Site "Zürich"]
[Date "2022.??.??"]
[Round "16"]
[White "Mephisto Almeria 68000"]
[Black "Excel Mach III 68000"]
[Result "1/2-1/2"]
[WhiteElo "2079"]
[BlackElo "2021"]
[Annotator "KUT"]
[PlyCount "148"]
[EventDate "2022.??.??"]

1. d4 Nf6 {Match 120'/40 | Bediener: Rolf Bühler |16. Partie: remis |
Zwischenstand: 9,5-6,5 (59,3%) für den Mephisto Almeria 68000 | Die
Königsindischen Eröffnung, g3-System, Jugoslawische Variante mit 6...c5
ergibt gleiches Spiel nach dem frühzeitigen Tausch der Damen. Im
figurenreichen Mittelspiel ist es dann für einmal der Mephisto Almeria 68000,
der alles andere als glänzt. Verdient landet das Programm von Richard Lang in
einem verlorenen Endspiel mit Minusbauer. Mit 20...Tdd2? verpasst der Mach III
den möglichen Gewinn. In diesem Moment konnte man noch nicht wissen, dass
dieser Fehler nur einer von vielen in dieser Partie sein wird, wo der Mach III
den Gewinn verscherzt. Es zeigt sich, dass die gesamte Endspielphase, zuerst
T+T+L gegen T+T+S bei einigen Bauern, dann T+T gegen T+T mit beidseits Bauern,
und schliesslich ein "normales" Turmendspiel, für beide Programme eine bis
zwei Nummern zu schwierig ist. So summieren sich die Fragezeichen für Weiss
und Schwarz. Am Schluss muss sich ein unglücklicher Mach III mit dem Remis
begnügen, dabei wäre ein Anschlusstreffer wirklich wichtig gewesen.} 2. Nf3
g6 3. c4 Bg7 4. Nc3 d6 5. g3 O-O 6. Bg2 c5 7. O-O Nc6 8. dxc5 {***ENDE BUCH***}
dxc5 {***ENDE BUCH***} 9. Qb3 Qb6 {Eine Neuerung, üblichere Fortsetzungen
sind:} (9... Na5 10. Qa3 Qb6 $11) (9... Nd4 10. Nxd4 cxd4 11. Rd1 $11) 10. Qxb6
axb6 {Schon sind die Damen verschwunden. Es gibt nur eine offene Linie und
Bauernmehrheiten fehlen. Die Bauernschwäche b6 wird durch die halboffene
a-LInie aufgewogen. Das Spiel ist deshalb ausgeglichen und trägt schon jetzt
Remischarakter.} 11. Bd2 $6 {Weshalb nicht aktiver nach f4?} Be6 12. b3 Rfd8
13. Bg5 $6 {Die natürlicheren Züge 13.Tad1 oder 13.Tac1 sind besser. Mit dem
Textzug geht ein Tempo verloren.} h6 14. Bxf6 $2 {Gibt freiwillig das
Läuferpaar auf und dem Gegner vorteilhaftes Spiel.} Bxf6 {Wegen der
unangenehmen Fesslung des Sc3 vermag Weiss Bauernverlust schon nicht mehr
vermeiden.} 15. Rac1 Bxc3 16. Rxc3 Rxa2 {Schwarz beherrscht die offenen a- und
d-Linien, auch neigt der b3-Bauer zur Schwäche, was zusammen mit dem
Mehrbauer zu einer Bewertung "Schwarz gewinnt" führen muss.} 17. Re1 Bf5 18.
e4 $2 {Ein weiterer Fehler, was Almeria 16bit nicht erkennt.} Bg4 19. e5 Bxf3
20. Bxf3 {[#]} Rdd2 $2 {Verpasst 20...Sd4, was entscheidend stärker ist.} (
20... Nd4 21. Rb1 Rd2 22. Kg2 Ra8 23. Bxb7 Raa2 24. Rf1 Rab2 25. Bf3 Nxb3 $19 {
und der schwarze Vorteil genügt zum Gewinn.}) 21. Bxc6 {Beseitigt noch
rechtzeitig den schwarzen Springer, der mit ...Sd4 drohte einzudringen.} bxc6
22. Rf3 g5 $2 {Vergibt mit diesem schwachen Vorstoss den Vorteil. Schwarz
sollte 22...Kg7 ziehen und das Feld f6 überdecken.} 23. g4 $2 {Der Almeria
16bit packt seine Chance nicht.} (23. e6 f6 24. Rxf6 exf6 25. e7 Re2 26. e8=Q+
Rxe8 27. Rxe8+ Kf7 $11 {Ausgleich}) 23... Kf8 (23... Rd4 $17 {ist deutlich
stärker}) 24. Kg2 Ke8 25. h3 Kf8 (25... Re2 $1 $17) 26. Ree3 Kg8 27. Rf5 Ra1
$2 {Wirft jeglichen Vorteil weg, was mit z.B. 27...e6 zu vermeiden war.} 28.
Kg3 $2 {Erneut packt der Almeria 16bit seine Chance zum Ausgleich nicht.} (28.
e6 $1 f6 29. Rxf6 exf6 30. e7 Ra8 31. e8=Q+ Rxe8 32. Rxe8+ Kf7 $11) 28... Rd4
$2 {Aber auch der Mach III "schläft" und verhindert den folgenden Zug nicht.}
(28... Kg7 $1 $11) 29. e6 $1 {Jetzt ist der Almeria 16bit erwacht.} f6 30. Rxf6
{Die uns bereits bestens bekannte Pointe, um den Vormarsch des e-Bauern zu
ermöglichen.} exf6 31. e7 Ra8 32. e8=Q+ Rxe8 33. Rxe8+ Kf7 $15 {Der minimale
Vorteil von Schwarz in diesem Turmendspiel lässt sich wohl nicht verwerten,
zumal der schwarze Mehrbauer nicht viel wert ist.} 34. Re3 b5 35. Rc3 $1 {
Gut erkannt von Weiss. Nach 35.cxb5 cxb5 erhält Schwarz mobile Bauern und
exzellente Gewinnchancen. Jetzt droht aber cxb5 cxb5, Txc5=, was nur mit dem
keine Chancen bietenden 35...b4 zu vermeiden wäre.} Ke6 36. Re3+ $6 {Zu
erwarten, dass sich der Almeria 16bit zur nachfolgenden Variante entscheidet,
wäre zuviel verlangt.} (36. cxb5 cxb5 37. Rxc5 Rd3+ 38. Kg2 Rxb3 39. f4 {
mit realen Chancen, das Gleichgewicht zu halten.}) 36... Kd7 37. Rf3 bxc4 38.
bxc4 Ke6 {Eine systematische, aber technisch anspruchsvolle Gewinnführung
bestand in 38...Txc4 nach dem Motto, dass Freibauern zu aktivieren sind.} (
38... Rxc4 39. Rxf6 Rc3+ 40. Kg2 c4 41. Rxh6 (41. Kf1 Rxh3 $19) 41... Rd3 42.
Rh7+ Kd6 43. Ra7 c3 44. Ra3 Kd5 45. h4 (45. f4 Ke4 $1 $19) 45... gxh4 46. g5
Kc4 47. g6 Kb4 48. Ra6 (48. g7 Rd8 $19) 48... Rd6 49. g7 Rg6+ 50. Kh3 Rxg7 51.
Rxc6 Kb3 52. Kxh4 Rf7 53. Kg3 c2 54. f4 Rd7 55. Rb6+ Kc3 56. Rc6+ Kd2 57. Kg4
Rd3 $3 (57... c1=Q $2 58. Rxc1 Kxc1 59. f5 $11 {ist nur Remis}) 58. Rxc2+ Kxc2
59. Kf5 Kc3 60. Ke6 Re3+ $1 61. Kd5 Rf3 62. Ke4 Rf1 63. f5 Kc4 64. Ke5 Kc5 65.
Ke6 Kc6 66. f6 (66. Ke5 Kd7) 66... Re1+ 67. Kf5 Kd5 $1 68. Kf4 Ke6 $19) 39.
Re3+ Kf7 40. Rc3 Kg6 $2 {Der Mach III ist in diesem Endspiel überfordert.
Dabei war der Gewinnplan mit etwas Schachwissen bzw. Schachgefühl doch
relativ einfach, s. Variante:} (40... Rf4 {Klemmt den weissen König ab, deckt
f6 und hält den c4-Bauern unter Druck. Danach marschiert der schwarze König
ins Zentrum ... und aus die Maus.} 41. f3 (41. Kg2 Ke6 42. Rc1 Ke5 43. Rc2 Kd4
44. Rc1 Kd3 $19) 41... Ke6 42. Kf2 Ke5 43. Ke3 Rd4 44. Rc1 h5 $1 45. gxh5 Rh4
46. Rh1 Rxh5 47. f4+ (47. Kf2 Rh4 48. Re1+ Kf5 $19) 47... gxf4+ 48. Kd3 (48.
Kf3 Rh4 $19) 48... Rh8 49. Re1+ Kf5 50. Rh1 Re8 51. h4 f3 52. h5 Kf4 53. h6 f2
54. Kd2 Kg3 $19) 41. Rc1 f5 $2 {Ein falscher Plan, wonach sich Weiss retten
könnte.} (41... Kf7 42. Rc3 Rf4 $19 {und exakt weiter gemäss der im 40. Zug
von Schwarz angegebenen Gewinnvariante.}) 42. Rc2 $2 {Doch der Almeria 16bit
findet die rettende Fortsetzung 42.Te1 nicht.} (42. Re1 f4+ (42... Kf6 43. Re8
$11 {ändert nichts Wesentliches}) (42... Rxc4 43. Re6+ Kg7 44. Rxc6 $11) 43.
Kf3 Kf6 44. Re8 Rxc4 45. Rc8 Ke5 46. Rxc6 Rc3+ 47. Kg2 c4 48. Rxh6 Rb3 49. h4
gxh4 50. Rxh4 c3 51. Rh8 Rb4 52. Kf3 Rc4 53. Rh1 c2 54. Rc1 Kf6 (54... Rc3+ 55.
Ke2 Ke4 56. f3+ Kd4 57. Kd2 Rxf3 58. Rxc2 Rg3 59. Rc8 Rxg4 60. Ke2 $11 {remis})
55. Ke2 Kg5 56. Kd3 Rc8 57. Rxc2 Rxc2 58. Kxc2 Kxg4 59. Kd2 Kf3 60. Ke1 Kg2 61.
f3 Kxf3 62. Kf1 $11) 42... fxg4 $2 {Und schon wieder verpasst der Mach III den
Gewinn.} (42... Kf6 43. f3 f4+ 44. Kf2 Ke5 45. Re2+ {hilft hier nichts mehr}
Kd6 46. Rc2 Kc7 $19 {und jetzt greift der schwarze König via b6-a5-b4
entscheidend in den Kampf ein.}) 43. hxg4 Kf7 44. Rc3 Kg7 45. f3 Kf7 46. Rc1
Kf6 {Auch der früher gezeigte Plan, mit dem schwarzen König über c7 in den
Damenflügel bis nach b4 einzudringen, genügt nun nicht mehr für den Gewinn.}
(46... Ke6 47. Rh1 Rxc4 48. Rxh6+ Kd7 49. Rh7+ Kd6 50. Rh6+ Kc7 51. Rg6 Kb6 52.
Rxg5 $11) 47. Rc3 Ke6 48. Rc2 Ke5 49. Rh2 Rd6 50. Rh1 Rf6 51. Rd1 Rf7 52. Rd8
Rf4 53. Rh8 Rf6 54. Rd8 Ke6 55. Rd2 Ke7 56. Re2+ Kd6 57. Re4 Re6 58. Kf2 {
Auch der Übergang ins Bauernendspiel hätte Weiss das Remis gesichert.} (58.
Rxe6+ Kxe6 59. f4 gxf4+ 60. Kxf4 Kf6 61. Kf3 Kg6 62. Ke4 $1 Kf6 63. Kf4 $11)
58... Rg6 59. Re1 Rg7 60. Rh1 Rh7 61. Rh5 Ke5 62. Ke3 Kf6 63. f4 Re7+ 64. Kf3
Kg6 65. f5+ {Nun hat Weiss einen Freibauern und damit ist jede Chance für
Schwarz zu gewinnen, ad absurdum geführt.} Kg7 66. Rh1 Rd7 67. Re1 Rd3+ 68.
Re3 Rxe3+ 69. Kxe3 Kf7 70. Kf3 Ke7 71. Ke3 Kd7 72. Kf3 Ke7 73. Ke3 Kf7 74. Kf3
Ke7 {***3x REMIS***} 1/2-1/2

[Event "Match 69_120'/40"]
[Site "Zürich"]
[Date "2022.??.??"]
[Round "17"]
[White "Excel Mach III 68000"]
[Black "Mephisto Almeria 68000"]
[Result "1-0"]
[WhiteElo "2021"]
[BlackElo "2079"]
[Annotator "KUT"]
[PlyCount "118"]
[EventDate "2022.??.??"]

{[%evp 0,118,30,30,27,-11,34,22,36,30,43,23,41,39,44,8,21,8,44,1,62,18,18,39,
35,2,7,1,22,18,34,34,15,0,0,-3,3,-19,-28,-23,0,31,12,-39,-15,-30,-30,-15,-14,
-22,-14,-48,-15,-58,-1,6,-4,-47,-20,-65,-78,-67,-75,-101,-121,-129,-129,-134,
-91,-97,-100,-143,0,-27,158,189,211,21,48,36,33,0,86,0,0,2,2,2,2,-10,0,-27,0,0,
0,0,119,112,261,318,383,168,375,314,370,415,490,490,618,714,1061,1108,1108,
1155,1203,1203,1227,1106,1324,1324,2004]} 1. d4 d5 {Match 120'/40 | Bediener:
Rolf Bühler | 17. Partie: Weiss (Mach III) gewinnt | Zwischenstand: 9,5-7,5 
(55,8%) für Mephisto Almeria 68000 | Im angenommenen Damengambit, Klassische
Variante, wird der Mach III (Weiss) positionell langsam überspielt. Ein
unvorsichtiger Bauernschnapp wendet das Blatt indessen völlig. Doch im
geeigneten Moment ist der Mach III ausserstande, die nette aber tiefe
Gewinnführung zu finden. Danach steht es trotz schwarzem Mehrbauer zwar
ausgeglichen, aber aufpassen muss nur der Almeria 16bit. Und dieses Mal, nach
einem gegnerischen Fehler, ist es Mach III, der einen tödlichen Angriff auf
den schwarzen König zum Sieg führen kann.} 2. c4 dxc4 3. Nf3 Nf6 4. e3 e6 5.
Bxc4 c5 6. O-O a6 7. Qe2 Nc6 8. Nc3 Qc7 9. d5 exd5 10. Nxd5 Nxd5 11. Bxd5 Bd6 {
***ENDE BUCH***} 12. b3 {***ENDE BUCH***} Nb4 13. Be4 Qe7 14. Bb1 Bd7 15. Rd1
O-O-O {Mindestens ebenbürtig war 15...Lb5. Das Spiel ist ausgeglichen.} 16.
Bb2 f6 {Vorsichtig gespielt, denn 16...Lc6 war möglich, weil der Bauernfrass
17.Lxg7 Thg8 mit Öffnung der g-Linie gegen den weissen König langfristig
wohl tödlich wäre.} 17. a3 Nc6 18. Nh4 {Bringt nichts ein, aber was Weiss
auch zieht, Schwarz hat keine Probleme.} g6 19. Nf3 {Der Moor hat seine
Schuldigkeit getan und kehr zurück.} Bg4 20. h3 Bxf3 21. Qxf3 Be5 22. Bxe5
Nxe5 23. Rxd8+ Rxd8 24. Qe2 Qc7 {Da Schwarz Lc2 nebst Td1 von Weiss nicht
verhindern kann, lohnt sich die Verdopplung der schwarzen Schwerfiguren auf
der offenen d-Linie nicht. Der mögliche Damenschwenk nach a5 scheint deshalb
attraktiver.} 25. Bc2 Qa5 26. Qf1 {Zu passives Verhalten. Gut sieht 26.f4 aus,
um das starke schwarze Ross aus dem Zentrum zu jagen.} Qd2 27. Rc1 f5 28. e4 {
Dieser Versuch, dem Läufer mehr Kraft einzuflössen, lässt sich nicht
realisieren. Am besten scheint 28.Lb1 zu sein mit Sicht des Turms gegen den
schwarzen König.} f4 29. Bb1 $2 {Die mögliche Aktivierung seines Läufers
durch 29.Ld1 sieht für den Mach III offenbar nicht sehr vielversprechend aus,
war aber objektiv wesentlich günstiger, denn nun verstärkt sich der schwarze
Vorteil.} (29. Bd1 Kb8 30. Rxc5 Qxd1 31. Rxe5 Qxb3 32. Rd5 Rxd5 33. exd5 {
Am Ende geht ein weisser Bauer verloren, was jedoch aus Sicht der Engins
verkraftbar wäre.} Qxd5 (33... Qxa3 34. Qe1) 34. Qe1 $1 $15 {und der schwarze
Vorteil ist gering in diesem Damenendspiel; sobald Schwarz seine
Bauernmehrheit am Damenflügel in Bewegung setzt, bleibt der König offen wie
ein Scheunentor auf gegnerische Damenschachs.}) 29... Qd4 30. Qe1 b6 31. Bc2
Qb2 32. Qf1 Kc7 {Weicht dem Damenschach auf a6 aus und beschert dem Gegner
eine schwierige Aufgabe.} 33. Qe1 Rd4 {Die strategische Überlegenheit von
Schwarz ist wohl schon fast entscheidend.} 34. a4 $2 {Nur mit 34.b4 konnte
Weiss versuchen, im Trüben zu fischen.} Nc6 $6 {Einen riesenstark im Zentrum
stehenden Springer ohne Not schlechter zu platzieren, kann nicht das Gelbe vom
Ei sein. Nach 34...a5! gäbe es für den Mach III langfristig keine genügende
Verteidigung mehr.} 35. e5 $1 {Weiss packt unverzüglich seine beste Chance,
die in diesem Freibauern steckt.} Nb4 $2 {Unterschätzt sträflich die Kraft
des weissen Freibauern und wirft praktisch seinen gesamten Vorteil weg.} 36.
Bb1 $2 {Nun ist aber selbst der Mach III, der die Kraft seines Freibauern
unterschätzt, bzw. mangels Rechentiefe nicht richtig einschätzen kann.} (36.
e6 $3 Nxc2 37. Qe5+ Kb7 38. Rf1 Nb4 39. e7 Nc6 40. Qxd4 Qxd4 41. e8=Q $16 {
und Weiss steht prächtig.}) 36... Qxb3 $2 {Der Almeria 68000 verdirbt sich
mit diesem Bauernschnapp den soeben erhaltenen Vorteil und stürzt sich ins
Elend, wobei erneut der starke weisse Freibauer die massgebliche Rolle spielt.}
37. e6 {Dieses Mal lässt sich der Mach III nicht zweimal bitten und setzt
seine tödliche Waffe ein. Wäre die Partie folgerichtig weitergegangen,
hätte ich 37.e6 ein ! gegeben.} Kd8 {[#]} 38. a5 $2 {Vergibt den Vorteil
wieder. Die Gewinnvariante 38.De5!! ist viel zu tief versteckt, um erkannt zu
werden. Selbst nach 27 Min hält der Fidelity Excel Mach III 68000 bei ST 1/8
und einer Bewertung von +0.21 an 38.a5 Ke7 fest.} (38. Qe5 $3 Rd1+ {Und selbst
hier benötigt der Fidelity Excel Mach III 68000 knapp 11 Min bei einer ST 1/7
mit Bewertung von 0.00, um den Gewinnzug 39.Kh2! zur Hauptvariante zu machen.}
39. Kh2 $1 Ke7 40. Qg5+ Kxe6 41. Qg4+ Ke7 42. Rxd1 $18) 38... Nc6 {Nun sind
der Vorstoss e7 und das Damenmanöver nach e5 gestoppt.} 39. axb6 Qxb6 40. Ba2
Ke7 $11 {Die Stellung befindet sich wieder im Lot.} 41. Rb1 Qc7 42. Qc3 Nb4 43.
Bc4 Qb7 44. Re1 Qc6 45. Kh2 h6 $6 {Besser ...Dd6=} 46. Kg1 $6 {Sowohl nach 46.
Db3 als auch noch 46.Db2 ginge der Vorteil an Weiss über.} g5 $2 {Richtig 46..
.Da4 oder 46...Dc7, denn nach dem die weissen Felder schwächenden Textzug ist/
wäre Schwarz verloren.} 47. Re5 $6 {Bei richtiger Verteidigung muss der Turm
wieder zurück, ohne allerdings am weissen Gewinn etwas zu rütteln.} Qd6 $2 {
Schwarz sollte 47...Kd6 versuchen, um zu schauen, ob Weiss dann später den
Gewinnweg doch noch findet.} 48. Rf5 $18 {Stünde der g-Bauer noch auf g6,
wäre das nicht möglich.} Rd1+ 49. Kh2 Rd4 50. Bb3 {Die schwarze Stellung
bricht wie ein Kartenhaus zusammen.} g4 51. hxg4 Nc6 52. Rxc5 {droht Txc6
nebst Dxd4} Ne5 53. Rc7+ Kf8 54. Qc2 {Der weisse Angriff ist tödlich.} f3 55.
Kh3 {Noch einfacher gewinnt g3.} Rd3 56. e7+ {Hier zeigen die Engines bereits
ein Matt in 18 Zügen an.} Ke8 57. Ba4+ Nd7 58. Rxd7 fxg2+ 59. Kxg2 Qxd7 {
***AUFGEGEBEN***} 1-0

[Event "Match 69_120'/40"]
[Site "Zürich"]
[Date "2022.??.??"]
[Round "18"]
[White "Mephisto Almeria 68000"]
[Black "Excel Mach III 68000"]
[Result "0-1"]
[WhiteElo "2079"]
[BlackElo "2021"]
[Annotator "KUT"]
[PlyCount "115"]
[EventDate "2022.??.??"]

{[%evp 0,115,19,28,37,37,25,11,16,16,13,-16,-14,8,8,11,21,-17,15,18,23,18,-1,
-4,-9,1,3,-10,9,10,16,16,16,13,14,2,-15,-14,35,23,12,1,0,-42,-42,-34,-20,-86,
-79,-80,-87,-107,-107,-194,-194,-194,-193,-193,-202,-202,-202,-202,-202,-333,
-333,-333,-333,-333,-324,-333,-333,-359,-322,-327,-354,-362,-388,-345,-364,
-322,-306,-322,-327,-341,-297,-297,-292,-303,-311,-311,-317,-310,-301,-311,
-358,-363,-363,-384,-375,-422,-422,-454,-502,-734,-843,-1137,-1225,-28036,
-29972,-29973,-29974,-29975,-29976,-29977,-29978,-29981,-29980,-29983]} 1. e4
e5 {Match 120'/40 | Bediener: Rolf Bühler | 18. Partie: Schwarz (Mach III)
gewinnt | Zwischenstand: 9,5-8,5 (52,7%) für den Almeria 68000 | Mit seiner
Spanischen Abtauschvariante beisst der Almeria 68000 auf Granit. Dies umso
mehr, als er die harmlos geltende Fortsetzung 5.d4 wählt. Bis zum 20. Zug
befindet sich die Stellung denn auch im Gleichgewicht. In der Folge könnte
man fast meinen, dass die Programme einen Farbtausch vorgenommen haben, denn
der Mephisto Almeria 68000 wird von seinem Gegner langsam überspielt und die
Schöpfung von Richard Lang kommt im Turmendspiel total unter die Räder. Ein
ruhiger Arbeitssieg für den Excel Mach III.} 2. Nf3 Nc6 3. Bb5 a6 4. Bxc6 dxc6
5. d4 exd4 6. Qxd4 {***ENDE BUCH***} Qxd4 7. Nxd4 Bd7 {***ENDE BUCH***} 8. Bg5
$6 {Dieser Zug ist ein totaler Schuss ins Leere. Übliche Fortsetzungen sind
Le3 und Sc3 oder 0-0.} Bb4+ $6 {Das soeben Gesagte trifft auch auf dieses
Läuferschach zu.} (8... f6 9. Be3 Ne7 10. Nc3 Ng6 {1/2-1/2 (10) Barreras,A 
(2340)-Garcia,W (2305) Cienfuegos 1976}) 9. Nd2 f6 10. Bf4 O-O-O $11 {Schwarz
hat wie meistens ins der Spanischen Abtauschvariante mit dem harmlosen 5.d4
völligen Ausgleich erzielt.} 11. O-O {Vom Stellungstyp her war eher die lange
Rochade zu erwarten.} Ne7 12. c3 Bc5 13. N2b3 Bd6 {Der Rückzug nach b6 oder
a7 sieht logischer aus.} 14. Bxd6 cxd6 15. Rad1 h5 {Was er da will, ist
unergründlich.} 16. f3 h4 17. Rf2 h3 {Eine mehr als harmlose Stupserei.} 18.
g3 {Einen Schritt mehr vorwärts nach g4 ist etwas stärker.} d5 19. Re2 dxe4
20. Rxe4 Ng6 $11 {Noch immer befindet sich die Stellung im Gleichgewicht.} 21.
Nc5 $2 {Das sieht zwar gut aus, aber bringt den Gegner in Vorteil. Wichtig war
es, mit 21.f4 dem schwarzen Springer das Feld e5 zu verwehren.} b6 22. Nxd7 ({
Natürlich nicht} 22. Nxa6 $4 {wegen} c5 $19 {und der einsame a6-Springer geht
verloren, weil dieser keine Fluchtfelder mehr hat.}) 22... Rxd7 {Jetzt droht ..
.c5 mit Figurengewinn wegen des ungedeckten Turmes auf d1.} 23. Ree1 $6 {
Nur mit 23.Tf1 kommt Weiss noch ohne Schaden davon.} Rhd8 {Droht wiederum mit .
..c5 zu gewinnen.} 24. Rb1 Ne5 $17 {Schwarz steht nun klar besser.} 25. f4 Rxd4
{Gar noch stärker ist 25...Sg4! und die weisse Stellung klappt zusammen.} 26.
fxe5 {Auch Alternativen bringen Weiss keine Rettung mehr.} (26. Rxe5 Rd2 27.
Rh5 Rg2+ 28. Kh1 Rxb2 $1 29. Re1 Re2 30. Rc1 Rxa2 31. Rxh3 a5 $19 {ist
hoffnungslos für Weiss}) 26... Rd2 27. exf6 Rg2+ 28. Kf1 {Erzwungen, denn
geht der König nach f1, wird Weiss mattgesetzt.} (28. Kh1 Rdd2 29. Re8+ Kd7
30. Re7+ Kd6 31. Re6+ Kxe6 32. Re1+ Kd6 33. fxg7 Rxh2+ 34. Kg1 Rdg2+ 35. Kf1
Rh1#) 28... Rf8 $1 {Ein netter Zwischenzug.} 29. Re6 Rxf6+ 30. Rxf6 gxf6 {
Trotz des Umstandes, dass noch materielles Gleichgewicht herrscht, ist Weiss
verloren. Der schwarze Turm auf der zweiten Reihe ist einfach übermächtig.
Auch wird der h2-Bauer verlorengehen und bleiben die übrigen weissen Bauern
anfällig.} 31. Re1 Rxh2 32. Re8+ Kd7 33. Rh8 Rxb2 34. Rxh3 Rxa2 {Die zwei
schwarzen Mehrbauern machen nun alles klar. Der Mach III gewinnt zwar nicht
auf dem direktesten Weg, aber was soll's, denn dem Gegner wird trotzdem nicht
die geringste Chance eingeräumt.} 35. g4 a5 36. Rd3+ Ke6 37. Re3+ Kd5 38. Rd3+
Ke5 39. Re3+ Kd6 40. Rf3 Ke7 41. Rf4 Rd2 42. Rc4 Rd6 43. Ke2 b5 44. Rc5 a4 45.
Rh5 Rd8 46. Rh2 Ke6 47. Ke3 a3 48. Ra2 Ra8 49. Kd3 Kd5 50. Ra1 c5 51. Kc2 Kc4
52. Rf1 a2 53. Kb2 a1=Q+ 54. Rxa1 Rxa1 55. Kxa1 Kxc3 56. Kb1 b4 57. Kc1 b3 58.
Kd1 {***AUFGEGEBEN***} 0-1